000 00689nam a22002177a 4500
005 20211220142021.0
008 211220b ||||| |||| 00| 0 eng d
040 _cAL
041 _aeng
082 _223
_a363.731
_bDMOT
100 _aDarryl D'Monte
_911916
245 _aTemples or Tombs?: Industry Versus Environment Three Controversies
260 _aNew Delhi:
_bCentre For Science and Environment,
_c1985
300 _axv,285 p.
_bHB
_c22x14 cm.
365 _b180.00
_c
_d180.00
650 _aDevelopment of Environment
_911917
650 _aFertiliser Factory
_911918
650 _aEconlogy, Energy, Environment
_911919
700 _aD'MONTE (Darryl)
_911920
942 _2ddc
_cGF
999 _c220988
_d220988